000 00439nam a2200169Ia 4500
008 230718s9999 xx 000 0 und d
020 _a9789353026141
041 _aeng
082 _a306.483
_bMAN
100 _aManjrekar S.
_9201631
245 _aImperfect
260 _c2017
_bHarper Sport
300 _a219
365 _cRs.
_b499.00
700 _aManjrekar S.
_9201631
906 _dO:0648709-Aug-2019B:536001-Aug-2019
_cGENRL
_b124.75
999 _c349871
_d349871